000 00678nas a2200229 4500
001 BR8205480
003 BR-BrBNA
005 20231205085253.0
007 ta
008 230509b bl.|||p| |||| 00| 00por d
040 _aBR-BrBNA
_bpor
_cBiblioteca Nacional de Agricultura
041 _a(Pt)
072 _aN20
100 1 _aSilveira, G.M. da
245 1 _aConheca os equipamentos mais utilizados para hortas e jardins
650 _aEQUIPAMENTO AGRICOLA
650 _aHORTA
650 _aJARDIM
773 0 _tRevista dos Criadores (Brazil)
_xISSN 0034-9259
_g(Nov 1982), v. 52(634) p. 26-28
_wBR8205480
909 _a202311
_bLúcia
_c55
_dLúcia Elande
942 _2AGRIS
_n0
_cANA
999 _c110376
_d110376